| 000 | 01737nam a2200445 i 4500 | ||
|---|---|---|---|
| 001 | DIGRAMA0333 | ||
| 003 | NyNyDIG | ||
| 007 | cr ||||||||||| | ||
| 008 | 220602s2021 sp a ob 001 0 spa d | ||
| 006 | m o d | ||
| 035 | _a(OCoLC)1257549485 | ||
| 040 |
_aDGITA _beng _erda _epn _cDGITA |
||
| 020 |
_a9788418551574 _qeBook |
||
| 020 | _z9788499649771 | ||
| 050 | 1 | 4 | _aQA76.64 ebook |
| 082 | 1 | 4 | _a005.117 |
| 100 | 1 |
_aJiménez de Parga, Carlos, _d1974- _eauthor. |
|
| 245 | 1 | 0 |
_aUML : _barquitectura de aplicaciones en Java, C++ y Phython / _cCarlos Jiménez de Parga ; revisión técnica, Manuel Arias Calleja. |
| 264 | 1 |
_aParacuellos de Jarama, Madrid : _bRa-Ma, _c[2021] |
|
| 300 |
_a1 online resource : _billustrations. |
||
| 336 |
_atext _btxt _2rdacontent |
||
| 337 |
_acomputer _bc _2rdamedia |
||
| 338 |
_aonline resource _bcr _2rdacarrier |
||
| 347 |
_atext file _2rdaft |
||
| 347 | _bEPUB | ||
| 504 | _aIncludes bibliographical references and index. | ||
| 588 | 0 | _aOnline resource; title from ePub title page (Digitalia, viewed June 2, 2022) | |
| 650 | 0 | _aUML (Computer science) | |
| 650 | 0 | _aObject-oriented programming (Computer science) | |
| 650 | 0 | _aJava (Computer program language) | |
| 650 | 0 | _aC++ (Computer program language) | |
| 650 | 0 | _aPython (Computer program language) | |
| 655 | 0 | _aElectronic books. | |
| 791 | 2 |
_aDigitalia (Firm), _edistributor. |
|
| 793 | 0 |
_gDigitalia eBook Collection: _aRa-Ma Editorial |
|
| 776 | 0 | 8 |
_iPrint version: _aJiménez de Parga, Carlos, 1974- _tUML. _dParacuellos de Jarama, Madrid : Ra-Ma, [2021] _z9788499649771 |
| 856 | 4 | 0 |
_3Digitalia Hispánica _uhttps://www.digitaliapublishing.com/a/110202/ |
| 910 | _aPremium collection: 2022 | ||
| 942 | _cRAA | ||
| 999 |
_c272578 _d272578 |
||